Biblioteca
Vista normal Vista MARC
  • Lederach, John

Entrada Autor personal

Número de registros utilizados en: 1

001 - NUMERO DE CONTROL

  • Campo de control: 149

003 - IDENTIFICADOR DE NUMERO DE CONTROL

  • Campo de control: DLC

005 - HORA Y FECHA DE LA ULTIMA TRANSACCIÓN

  • Campo de control: 20160707091823.0

008 - CAMPO DE LONGITUD FIJA

  • Campo fijo de descripción fija: 910820n| acannaab| |n aaa |||

040 ## - AGENCIA DE CATALOGACIÓN ORIGINAL

  • Agencia de catalogación original: CO-MdFUSB
  • Agencia que hace la transcripción: CO-MdFUSB

100 10 - AUTOR PERSONAL

  • Autor personal: Lederach, John

670 ## - FUENTE EN LA QUE SE LOCALIZARON DATOS

  • Fuente: Lederach, N. Recovery of hope, 1991:
  • Fuente de información: CIP t.p. (John Lederach)

Biblioteca FUSBC | Teléfono: (57+4) 349 88 10 Ext. 141| WhatsApp (+57) 3005338115 
E-mail: biblioteca@unisbc.edu.co | Calle 76 87-14 Robledo Palenque, Medellín, Colombia

Con tecnología Koha